[Event "Politiken zt"]
[Site "Munkebo"]
[Date "1998.09.15"]
[Round "2.5"]
[White "Danielsen, Henrik"]
[Black "Wedberg, Tom Birger"]
[Result "1-0"]
[WhiteElo "2510"]
[BlackElo "2475"]
[Annotator "Wedberg,T"]
[PlyCount "111"]
[EventDate "1998.09.10"]
[EventType "k.o."]
[EventRounds "5"]
[EventCountry "DEN"]
[SourceTitle "CBM 067"]
[Source "ChessBase"]
[SourceDate "1998.11.30"]
[SourceVersion "2"]
[SourceVersionDate "1998.11.01"]
[SourceQuality "1"]

1. f4 d5 2. b3 c5 3. e3 a6 4. Nf3 Nc6 5. Bb2 Bg4 6. h3 Bxf3 7. Qxf3 Qd6 8. g4
f6 9. Bg2 e6 10. d3 Nge7 11. Nd2 O-O-O 12. O-O-O Qc7 13. Kb1 Qa5 14. h4 Kb8 15.
g5 f5 16. h5 Rg8 17. Qe2 Nc8 18. c4 Nb6 19. Rc1 Bd6 20. a3 Rge8 21. Rhd1 Bf8
22. Nf3 Nd7 23. Nh4 d4 24. e4 Ne7 25. Re1 Qc7 26. Qf2 g6 27. exf5 exf5 28. Re6
Bg7 29. Rce1 Nf8 30. R6e2 Qd7 31. h6 Bh8 32. b4 Nc6 33. Bd5 cxb4 34. Bxc6 Qxc6
35. axb4 Ne6 36. Qf3 Qd7 37. Ba3 Nc7 38. Rxe8 Rxe8 39. Rxe8+ Qxe8 40. Ng2 Qe6
41. Bb2 b5 42. cxb5 Nxb5 43. Qd1 Nc3+ 44. Bxc3 dxc3 45. Ne1 Qd6 $2 ({Perhaps
one shouldn't dig too deeply into these 15 minute games, but the resurrection
of the black B after} 45... c2+ $1 {is pretty.} 46. Nxc2 Qb3+ 47. Kc1 Bc3 $19)
46. Qb3 Qe7 47. Nc2 Kb7 48. Qg8 Qe2 49. Qxh7+ Kb6 50. Qxg6+ Kc7 51. Qf7+ Kb6
52. Qb3 Qf1+ 53. Ka2 Qxf4 54. Qe6+ Kc7 55. Qe7+ Kb6 56. Qd8+ 1-0

[Event "London Classic 9th"]
[Site "London"]
[Date "2017.12.09"]
[Round "7"]
[White "Carlsen, Magnus"]
[Black "Adams, Michael"]
[Result "1-0"]
[WhiteElo "2837"]
[BlackElo "2715"]
[Annotator "Yermolinsky,A"]
[PlyCount "115"]
[EventDate "2017.12.01"]
[EventType "tourn"]
[EventRounds "9"]
[EventCountry "ENG"]
[EventCategory "22"]
[SourceTitle "CBM 182"]
[Source "ChessBase"]
[SourceDate "2018.01.17"]
[SourceVersion "1"]
[SourceVersionDate "2018.01.17"]
[SourceQuality "1"]

1. f4 {Magnus has played the Bird before, but still his choice smacks of
desperation - win at any cost!} d5 2. Nf3 Nf6 3. g3 g6 4. Bg2 Bg7 5. O-O O-O 6.
d3 c5 7. c3 Nc6 8. Na3 Re8 9. Nh4 b6 ({White was prepared to meet} 9... e5 {
with} 10. f5) 10. e4 dxe4 11. Qa4 $2 {This looks like an over-the-board
novelty.} ({The move previously seen was} 11. dxe4 Qxd1 12. Rxd1 e5) 11... Qxd3
$3 {A brilliant refutation!} (11... Bd7 12. dxe4 Qc8 13. Qc2 Bh3 14. e5 $14 {
is what Magnus had his eyes on.}) 12. Qxc6 ({White cannot bail out with
repetition after} 12. Rd1 Qe2 13. Rd2 (13. Bf1 Qg4) 13... Qe3+ 14. Rf2 Qe1+ 15.
Rf1 Qe2 16. Rf2 {because Black then has} Qa6 $1 {and} 17. Qxc6 Bd7 18. Qc7 Rac8
19. Qe5 Bc6 {is winning, similar to a variation that could (and should) have
happened in the game.}) 12... Bd7 13. Qc7 Ng4 $2 {Mickey's shot is way off the
mark.} ({He needed to invite the white queen to nestle in the middle of the
board.} 13... Rec8 $1 14. Qe5 Bc6 {There's no escape for the lady, as seen from
} 15. Re1 (15. Qxe7 Re8 16. Qc7 Rac8 17. Qxa7 Nd5 {followed by ...Re7, ...Rc7
or ...Ra8.}) 15... Qd7 16. h3 {played to give support to the g4-square should
Black go after the queen right away, but} h6 $1 {shuts the cage, and White has
to shed tons of material,} 17. Nxg6 fxg6 18. f5 gxf5 {leading to a hopeless
position.}) 14. Re1 Bd4+ ({Still, Black had} 14... Rac8 $1 15. Qxa7 Bd4+ 16.
cxd4 Qxd4+ 17. Be3 Nxe3 {Now with the white queen out of play Black would have
had promising middlegame play, such as} 18. Kh1 Ng4 19. h3 Nf2+ 20. Kh2 e5 $1 {
going after the stray Nh4.}) 15. cxd4 Qxd4+ 16. Be3 Nxe3 17. Qe5 $1 {This one
saves the bacon.} f5 $2 {Another blunder.} ({Both} 17... Nxg2+ 18. Qxd4 cxd4
19. Nxg2 f5 20. Red1 d3 21. Nc4 $14) ({and particularly} 17... Bc6 $1 {would
have kept Black in the game.}) 18. Bh3 $2 {Shockingly Magnus immediately
returns the favour.} ({Both players missed} 18. Nf3 $1 {which would force a
transition to a choice of near winning endgames for White.} exf3 19. Bxf3 {
Under the circumstances the most resilient is} Nc2+ (19... Qxe5 20. fxe5 f4 21.
gxf4 Nf5 {is not the end of Black's problems, as next comes} 22. e6 $1) 20.
Qxd4 Nxd4 21. Bxa8 Rxa8 22. Rxe7 Rd8 23. Kf2 $16 {Surely Magnus is the guy to
bet on in such situations.}) 18... Nc2+ 19. Qxd4 Nxd4 20. Rxe4 $5 {This goes
to show how unhappy Carlsen was with his position.} fxe4 21. Bxd7 Red8 22. Ba4
e5 23. Re1 exf4 24. gxf4 a6 25. Bd1 b5 26. Nb1 {All forced up to this point.
Black has to be fine here, maybe even a bit better.} Nf5 $2 {It all started to
go wrong from here. I don't like the idea behind this move, which did nothing
but play into Carlsen's hand.} ({Instead of stabilising the position, Mickey
would have been much better off keeping it sharp.} 26... e3 27. Nc3 Re8 $17 {
answers the call. Given Magnus's struggles with tactics in this game, the same
as yesterday against Hikaru, playing like this would have been the right
decision from the psychological point of view as well.}) 27. Nxf5 gxf5 28. Kf2
Kf7 ({Perhaps,} 28... Rd3 29. Be2 Rh3 30. Kg2 Rh6 {would have been a bit more
annoying for White.}) 29. Be2 Rd6 30. h4 $1 {Carlsen is in his element!
Restricting the opponent's counterplay is always a high priority in his play.}
c4 31. a4 Rc8 $6 (31... Kf6 32. Na3 Rb8 33. axb5 axb5) 32. axb5 axb5 33. Na3
Rd5 34. Rc1 Rdc5 35. Nc2 Ra8 36. Ne3 {The engines show all zeroes, but the
tide of the game has certainly turned in Carlsen's favour.} Rac8 $2 {It is not
clear to me what Adams was playing for at this stage.} ({Shedding a pawn with} 
36... Ra2 37. b3 Rb2 38. bxc4 bxc4 39. Nxc4 Kf6 $11 {cannot be viewed as a
winning attempt, but the activity of the black rooks pretty much eliminates
any danger of losing.}) 37. h5 Ke6 38. h6 Kf6 39. Ra1 b4 40. Ra6+ Ke7 41. Ra7+
Kf6 42. Ke1 b3 $2 {I cannot explain this, and I doubt Mickey can either.} (
42... c3 43. bxc3 bxc3 44. Kd1 Rb8 {makes a passer and opens up the b-file.
What's not to like?}) 43. Rb7 Ke6 44. Rb6+ Ke7 45. Rb4 R8c6 46. Bxc4 Rxh6 47.
Rxb3 $16 Kd8 $1 {A good move.} (47... Rh2 48. Rb7+ Kd8 49. b4 {looks dangerous
for Black.}) 48. Rb8+ $2 {I think after all the success he had in Rapid and
Blitz Magnus is struggling a bit with his decision-making in classical chess.
His play seems mainly intuition-driven, to the point of being impulsive; the
ideas are there, but they're not backed up by precise calculation.} (48. Ra3
Rh2 49. b4 Rc6 50. b5 Rg6 51. Be2 {was better.}) 48... Kc7 49. Rf8 Rh3 50. Nd5+
Kb7 51. Rf7+ Kb8 $2 {Oh, Mickey, you break my heart. The king should never be
cut off like this in the endgame.} (51... Kc6 52. Rf6+ Kb7 53. b3 Ra5 54. Rf7+
Kc6 $1 {Always back in the middle!} 55. Rxf5 Ra1+ 56. Kf2 Ra2+ 57. Kg1 Rb2 {
There's enough counterplay here to force a draw, I suppose.}) 52. b3 Rh2 ({Now
} 52... Ra5 {meets with} 53. Nb4 {and it's the black king that is likely to be
mated.}) 53. Nb4 $18 Kc8 54. Na6 Rc6 55. Rf8+ Kb7 56. Bd5 Kxa6 57. Bxc6 Kb6 58.
Bd7 1-0